Chritmas Movies by Actor - Statistics

General Stats
  • This quiz has been taken 2,169 times
  • The average score is 7 of 15
Answer Stats
Hint Answer % Correct
Macaulay Culkin, Joe Pesci Home Alone
92%
Bruce Willis, Alan Rickman Die Hard
83%
Will Ferrell, James Caan Elf
83%
Chevy Chase, Randy Quaid Christmas Vacation
63%
Arnold Schwarzenegger, Sinbad Jingle All the Way
63%
Tim Allen, Judge Reinhold The Santa Clause
58%
James Stuart, Donna Reed It's a Wonderful Life
56%
Bill Murray, Bobcat Goldthwait Scrooged
53%
Jim Carrey, Jeffery Tambor How the Grinch Stole Christmas
36%
Edmund Gwen, Maureen O'Hara Miracle on 34th Street
35%
Tom Hanks, Chris Coppola The Polar Express
35%
Michael Keaton, Kelly Preston Jack Frost
32%
Jim Varney, Douglas Seale Ernest Saves Christmas
14%
Danny Elfman, Chris Sarandon The Nightmare before Christmas
13%
Kal Pen, Neil Patrick Harris A Very Harold and Kumar 3D Christmas
6%
No matching quizzes found
Score Distribution
Percent of People with Each Score
Percentile by Number Answered
Your Score History
You have not taken this quiz